| 000 | 00587nam a2200193 4500 | ||
|---|---|---|---|
| 001 | 121647 | ||
| 003 | ES-MaACL | ||
| 005 | 20230906191807.0 | ||
| 007 | t| | ||
| 008 | 070214s1977 sp r ||||1| spa d | ||
| 020 | _a84-7232-133-9 | ||
| 100 | 1 |
_aPortal, Marta. _993192 |
|
| 245 | 1 | 0 |
_aProceso narrativo de la revolución mexicana / _cMarta Portal. |
| 260 |
_aMadrid : _bCultura Hispánica, _c1977. |
||
| 300 |
_a329 p. ; _c24 cm. |
||
| 650 | 4 |
_aNovela mexicana- _yS.XX- _xHistoria y crítica. _9157023 |
|
| 651 | 4 |
_aMéxico- _xHistoria- _z1910-1946. _99066 |
|
| 852 |
_aES-MaACL _jA-7083 |
||
| 999 |
_c121647 _d121647 |
||